| 000 | 01129nam a2200265 a 4500 | ||
|---|---|---|---|
| 001 | 41527 | ||
| 003 | BD-RjUL | ||
| 005 | 20211209053415.0 | ||
| 008 | 160601s1963 i a|||| |||| 00| 0 ben d | ||
| 020 | _c: IRs. 1.00 | ||
| 035 | _a(BD-RjUL)41645 | ||
| 040 |
_aBD-RjUL _bben _cBD-RjUL _dBD-RjUL |
||
| 041 | _aben | ||
| 082 |
_223 _a891.44092 _bBAU 1963 |
||
| 100 |
_aবাগল, যোগেশচন্দ্র _9127616 |
||
| 245 | 1 | 0 |
_aউমেশচন্দ্র দত্ত, মহেশচন্দ্র ঘোষ / _cযোগেশচন্দ্র বাগল |
| 250 | _a১ম সং. | ||
| 260 |
_aকলিকাতা : _bবঙ্গীয় সাহিত্র পরিষদ, _c১৯৬৩ (১৩৭০) |
||
| 300 |
_a৩০৮ পৃ. : _bচিত্র ; _c২০ সেমি |
||
| 600 |
_aদত্ত, উমেশচন্দ্র _d১৮৪০-১৯০৭ _9127617 |
||
| 600 |
_aDutta, Umeshchandra _d1840-1907 _9127618 |
||
| 600 |
_aঘোষ, মহেশচন্দ্র _d১৮৬৮-১৯৩০ _9127619 |
||
| 600 |
_aGhosh, Maheshchandra _d1868-1930 _9127620 |
||
| 942 |
_2ddc _cBK |
||
| 999 |
_c41527 _d41527 |
||